| 000 | 00546nam a2200181Ia 4500 | ||
|---|---|---|---|
| 008 | 240729s9999 xx 000 0 und d | ||
| 022 | _a2788-7421 | ||
| 245 | 0 | _aIraqi Journal for Computer Science and Mathematics | |
| 260 | _aIraq | ||
| 260 | _bCollege of Education, Al-Iraqia University | ||
| 650 | _a Electronic computers. Computer science | ||
| 650 | _a Instruments and machines | ||
| 650 | _a Mathematics | ||
| 650 | _aScience | ||
| 856 | _uhttps://doaj.org/toc/05fd8b3307be4629a29479255fbf5b55 | ||
| 942 | _2ddc | ||
| 942 | _cDOAJEJ | ||
| 999 |
_c73276 _d73276 |
||
| 945 |
_a1 _bMadushi Gamage _c1 _dMadushi Gamage |
||